skbl

Dr Suryya Kumar Bhuyan Library Web-OPAC
ডঃ সূৰ্য্য
কুমাৰ ভূঞা পুথিভঁৰাল ৱেব-অ'পেক

All Research Scholars are advised to clear the annual library fees to continue using Library Resources, Remote Access, Plagiarism Test and Library Clearance.

Cotton University Book Fair 2026

Chintamani: Part-3 / (Record no. 3238)

MARC details
000 -LEADER
fixed length control field 00688nam a2200265Ia 4500
001 - CONTROL NUMBER
control field 3250
005 - DATE AND TIME OF LATEST TRANSACTION
control field 20240113233620.0
007 - PHYSICAL DESCRIPTION FIXED FIELD--GENERAL INFORMATION
fixed length control field ta
008 - FIXED-LENGTH DATA ELEMENTS--GENERAL INFORMATION
fixed length control field 050413s1985 g b000 u hin u
040 ## - CATALOGING SOURCE
Original cataloging agency Cotton College,Assam
041 ## - LANGUAGE CODE
Language code of text/sound track or separate title hin
082 ## - DEWEY DECIMAL CLASSIFICATION NUMBER
Classification number 891.41308
Item number Sa 31 Ch
100 ## - MAIN ENTRY--PERSONAL NAME
Personal name Shukla, Ramchandra .
245 #0 - TITLE STATEMENT
Title Chintamani: Part-3 /
Statement of responsibility, etc. Ramchandra Shukla.
Medium Textual Documents
250 ## - EDITION STATEMENT
Edition statement 2nd ed. /
260 ## - PUBLICATION, DISTRIBUTION, ETC.
Place of publication, distribution, etc. New Delhi :
Name of publisher, distributor, etc. Rajkamal Prakashan ,
Date of publication, distribution, etc. 1985.
300 ## - PHYSICAL DESCRIPTION
Extent 276 p. ;
Dimensions 22 cm.
653 ## - INDEX TERM--UNCONTROLLED
Uncontrolled term Hindi poetry-Criticism
653 ## - INDEX TERM--UNCONTROLLED
Uncontrolled term Gen-Hindi
653 ## - INDEX TERM--UNCONTROLLED
Uncontrolled term MS-Hindi
942 ## - ADDED ENTRY ELEMENTS (KOHA)
Source of classification or shelving scheme Dewey Decimal Classification
Koha item type Books
Holdings
Withdrawn status Lost status Damaged status Not for loan Collection Home library Current library Date acquired Coded location qualifier Total checkouts Full call number Barcode Date last seen Copy number Price effective from Koha item type
          Dr. Suryya Kumar Bhuyan Library Dr. Suryya Kumar Bhuyan Library 01/02/2012 00000   891.41308 Sa 31 Ch 87557 13/01/2024 1 01/02/2012 Books
          Dr. Suryya Kumar Bhuyan Library Dr. Suryya Kumar Bhuyan Library 01/02/2012 00000   891.41308 Sa 31 Ch 091/Hindi 13/01/2024 2 01/02/2012 Books

Designed and Maintained by Team SKBL
©1901-2026

Powered by Koha